70 Actrices Célèbres - Statistiques

Statistiques générales
  • Ce quiz a été pris 871 fois
  • Le résultat moyen est 27 sur 70
Statistiques - réponses
Indice Actrice % Correct
2 Harry Potter Emma Watson
89%
14 Maléfique Angelina Jolie
80%
1 Lalaland Emma Stone
80%
3 Hunger Games Jennifer Lawrence
80%
9 Titanic Kate Winslet
75%
6 Black Swan Natalie Portman
74%
28 Pretty Woman Julia Roberts
70%
7 Avengers Scarlett Johansson
70%
21 Twilight Kristen Stewart
65%
38 Sucide Squad Margot Robbie
65%
23 La Môme Marion Cotillard
64%
39 La dame de fer Meryl Streep
64%
4 Pirates des Caraïbes Keira Knightley
59%
13 Le diable s'habille en prada Anne Hathaway
57%
26 Asterix et Obelix : Missions Cléopatre Monica Bellucci
56%
63 Le fabuleux destin d'Amélie Poulain Audrey Tautou
53%
52 Kill Bill Uma Thurman
50%
66 Wonderwoman Gal Gadot
47%
41 Captain Marvel Brie Larson
45%
58 Gravity Sandra Bullock
45%
44 Miss Peregrine Eva Green
44%
19 Marry à tout prix Cameron Diaz
43%
49 Catwoman Halle Berry
43%
18 Moulin rouge Nicole Kidman
43%
45 Le silence des agneaux Jodie Foster
41%
17 Sexe entre amis Mila Kunis
40%
34 Blue Jasmine Cate Blanchett
39%
32 Les 4 fantastiques Jessica Alba
39%
35 Spider-man (2002) Kirsten Dunst
39%
27 Volver Penélope Cruz
39%
67 Potiche Catherine Deneuve
38%
57 Nanny McPhee et le Big Bang Emma Thompson
38%
56 Alien Sigourney Weaver
38%
12 Sans un bruit Emily Blunt
36%
24 ET Drew Barrymore
35%
30 Mamma mia Amanda Seyfried
33%
60 Seven Gwyneth Paltrow
32%
53 Le journal de Bridget Jones Renée Zellweger
32%
37 Sweeney Todd Helena Bonham Carter
31%
64 Star-wars 7,8,9 Daisy Ridley
30%
20 Tout ce qui brille Leila Bekhti
30%
65 Downtown Abbey Maggie Smith
30%
11 Divergente Shailene Woodley
30%
25 Pitch Perfect Anna Kendrick
29%
10 Kick-Ass Chloé Grace Moretz
27%
54 Batman, le défi Michelle Pfeiffer
27%
46 Huit femmes Isabelle Huppert
26%
15 Cake Jennifer Aniston
26%
36 Electra Jennifer Garner
26%
29 Man of Steel Amy Adams
24%
5 Tully Charlize Theron
24%
33 Zero Dark Thirty Jessica Chastain
24%
31 Still Alice Julianne Moore
24%
8 King Kong Naomi Watts
24%
61 Prête moi ta main Charlotte Gainsbourg
23%
59 Troie Diane Kruger
22%
62 Je vais bien ne t'en fait pas Mélanie Laurent
22%
69 Juno Ellen Page
21%
68 Le seigneur des anneaux Liv Tyler
21%
55 Misery Kathy Bates
20%
16 Sherlock Holmes Rachel McAdams
20%
50 Walk the line Reese Witherspoon
20%
48 Gone girls Rosamund Pike
20%
47 La couleur des sentiments Viola Davis
20%
22 The Neon Demon Elle Fanning
18%
42 Rogue One Felicity Jones
18%
70 120 battements par minute Adele Haenel
15%
51 Blue Valentine Michelle Williams
14%
43 Lovely Bones Saoirse Ronan
14%
40 Ex machina Alicia Vikander
13%
Aucun quiz correspondant
Distribution des résultats
% des personnes avec chaque résultat
Percentile par nombre de réponses
Votre historique - résultats
Vous n’avez pas pris ce quiz